Výskumníci SSR pomáhajú zhodnocovať lesnú biomasu

Bibliographic Details
Main Author: Finta, Ladislav (Author)
Format: Article
Language:Slovak
PhysicalDescription:Obr. 1.
Subjects:

MARC

LEADER 00000nab a2200000 a 4500
001 vtls000198048
003 SK-MaSNL
005 20260302204917.0
008 111106c1984 xo 0 slo
015 |a SNBRB19rr/mm-uuuuu 
035 |a CL0208161 
040 |a SNKBUCL  |b slo  |c SNKBUCL  |e AACR2 
041 0 |a slo 
044 |a xo  |c SK 
080 |a 630 8.002.5  |2 1981 
100 1 |a Finta, Ladislav  |4 aut  |9 421189 
245 1 0 |a Výskumníci SSR pomáhajú zhodnocovať lesnú biomasu  |c Ladislav Finta 
300 |b Obr. 1. 
650 0 7 |a lesná biomasa  |2 snkbucl  |9 122097 
655 7 |a články z novín a časopisov  |2 snkbucl  |9 267496 
773 0 |t Technické noviny  |g Roč. 32, č. 40 (1984), s. 1 a 3 
850 |a Slovenská národná knižnica v Martine  |a MTA001 
852 |a SNK  |b KIS3GCP 
958 |a RK 
992 |a RBX 
999 |c 1475613  |d 1477543